[Event "Time for French"]
[Site "SchemingMind.com"]
[Date "2017.11.18"]
[Round "-"]
[White "aliwood"]
[Black "Stephen Woodhouse"]
[Result "0-1"]
[WhiteCountry "ENG"]
[BlackCountry "ENG"]
[WhiteElo "1301"]
[WhiteRD "55"]
[BlackElo "1840"]
[BlackRD "61"]
[GameID "420715"]

1. e4 e6 2. d4 d5 3. Nc3 Nf6 4. e5 Nfd7 5. f4 c5 6. Nf3 Nc6 7. Be3 a6 8. Qd2 cxd4 9. Nxd4 Bc5 10. O-O-O Nxd4
11. Bxd4 b5 12. Bxc5 Nxc5 13. Be2 Bb7 14. Rhf1 b4 15. Ne4 Nxe4 16. Qxb4 Qe7 17. Qa4+ Qd7 18. Qb3 O-O 19. g3 Bc6 20. Qf3 Bb5
21. Bxb5 Qxb5 22. b3 Rfc8 23. Rfe1 Qc5 24. Re2 Qa3+ 25. Kb1 Nc3+ 26. Qxc3 Rxc3 27. Rdd2 a5 28. Rd3 Rxd3 29. cxd3 a4 30. Rb2 axb3
31. axb3 Qa1+ 32. Kc2 Rc8+
0-1

[Event "Time for French"]
[Site "SchemingMind.com"]
[Date "2017.11.18"]
[Round "-"]
[White "Stephen Woodhouse"]
[Black "aliwood"]
[Result "1-0"]
[WhiteCountry "ENG"]
[BlackCountry "ENG"]
[WhiteElo "1840"]
[WhiteRD "61"]
[BlackElo "1301"]
[BlackRD "55"]
[GameID "420716"]

1. e4 e6 2. d4 d5 3. e5 c5 4. c3 Nc6 5. Be3 Qb6 6. Qd2 Bd7 7. f4 cxd4 8. cxd4 Nh6 9. Nc3 Nf5 10. Nf3 Be7
11. Be2 Nxe3 12. Qxe3 Nb4 13. Qd2 O-O 14. O-O Rac8 15. Rac1 a6 16. a3 Nc6 17. Na4 Qa7 18. Nc5 Bxc5 19. Rxc5 Nxd4 20. Rxc8 Rxc8
21. Qxd4 b6 22. g3 Bb5 23. Bxb5 axb5 24. Qd2 Rc7 25. Rc1 Re7 26. Qc2 Qd7 27. Qc8+ Qe8 28. Nd4 g6 29. Nxb5 Kg7 30. Qxe8 Rxe8
31. Rc7 Rf8 32. Nd6 h5 33. Kf2 Kh6 34. Nxf7+
1-0

[Event "Time for French"]
[Site "SchemingMind.com"]
[Date "2017.11.18"]
[Round "-"]
[White "aliwood"]
[Black "Thomas Jacob Kelly"]
[Result "0-1"]
[WhiteCountry "ENG"]
[BlackCountry "USA"]
[WhiteElo "1301"]
[WhiteRD "55"]
[BlackElo "1801"]
[BlackRD "69"]
[GameID "420739"]

1. e4 e6 2. d4 d5 3. Nc3 Bb4 4. e5 b6 5. a3 Bxc3+ 6. bxc3 Ba6 7. Bxa6 Nxa6 8. Qe2 Qc8 9. Nf3 c5 10. O-O f6
11. Bb2 Rb8 12. c4 Nc7 13. c3 Qa6 14. Rad1 Qxc4 15. Qxc4 dxc4 16. Nd2 b5 17. f4 Nd5 18. Rde1 Kd7 19. Ne4 cxd4 20. cxd4 Nge7
21. Nc3 Rhc8 22. Rf3 Nf5 23. Nd1 a5 24. Nc3 Nxd4 25. Rh3 Rh8 26. Nxd5 Nb3 27. Rd1 exd5 28. Rxd5+ Kc7 29. e6 Kc6 30. Rd1 Nc5
31. f5 h6 32. Rg3 Rb7 33. Rg4 Nd3 34. Bd4 Rd8 35. Be3 c3 36. Rd4 Rxd4 37. Bxd4 c2 38. Rxd3 c1=Q+ 39. Kf2 Qf4+ 40. Ke2 Qxf5
0-1

[Event "Time for French"]
[Site "SchemingMind.com"]
[Date "2017.11.18"]
[Round "-"]
[White "Thomas Jacob Kelly"]
[Black "aliwood"]
[Result "1-0"]
[WhiteCountry "USA"]
[BlackCountry "ENG"]
[WhiteElo "1778"]
[WhiteRD "69"]
[BlackElo "1242"]
[BlackRD "59"]
[GameID "420740"]

1. e4 e6 2. d4 d5 3. Nc3 dxe4 4. Nxe4 Nd7 5. Nf3 g6 6. Bd3 Bh6 7. O-O Bxc1 8. Qxc1 b6 9. Qf4 Ndf6 10. Ne5 Qe7
11. Bb5+ Bd7 12. Nc6 Bxc6 13. Bxc6+ Nd7 14. Bxa8 Ngf6 15. f3 Nxe4 16. fxe4 O-O 17. Bb7 a5 18. Qxc7 Re8 19. Bc6
1-0

[Event "Time for French"]
[Site "SchemingMind.com"]
[Date "2017.11.16"]
[Round "-"]
[White "Stephen Woodhouse"]
[Black "Thomas Jacob Kelly"]
[Result "0-1"]
[WhiteCountry "ENG"]
[BlackCountry "USA"]
[WhiteElo "1883"]
[WhiteRD "61"]
[BlackElo "1778"]
[BlackRD "69"]
[GameID "420741"]

1. e4 e6 2. d4 d5 3. e5 c5 4. c3 Qb6 5. a3 Nc6 6. Nf3 Bd7 7. b4 cxd4 8. cxd4 Rc8 9. Be3 Be7 10. Qd2 f6
11. exf6 Nxf6 12. Nc3 Nxb4 13. axb4 Bxb4 14. Rc1 Qa5 15. Ne5 Bxc3 16. Rxc3 Rxc3 17. Be2 Ne4
0-1

[Event "Time for French"]
[Site "SchemingMind.com"]
[Date "2017.11.16"]
[Round "-"]
[White "Thomas Jacob Kelly"]
[Black "Stephen Woodhouse"]
[Result "1-0"]
[WhiteCountry "USA"]
[BlackCountry "ENG"]
[WhiteElo "1801"]
[WhiteRD "69"]
[BlackElo "1840"]
[BlackRD "61"]
[GameID "420742"]

1. e4 e6 2. d4 d5 3. Nd2 c5 4. exd5 Qxd5 5. Ngf3 cxd4 6. Bc4 Qd6 7. O-O Nf6 8. Nb3 Nc6 9. Nbxd4 Nxd4 10. Nxd4 a6
11. Re1 Qc7 12. Bb3 Bd6 13. Nf5 Bxh2+ 14. Kh1 O-O 15. Nxg7 Rd8 16. Qf3 Kxg7 17. Bh6+ Kg6 18. c3 Nh5 19. Bc1 Bf4 20. g4 Ng3+
21. fxg3 Bxc1 22. Raxc1 b6 23. Bc2+ Kg7 24. Kg1 Bb7 25. Qf2 Rd6 26. Qh2 h6 27. Rf1 Qc5+ 28. Rf2 Rad8 29. Qh4 Rd2 30. Qf6+ Kg8
31. Qxf7+ Kh8 32. Qh7#
1-0

[Event "Time for French"]
[Site "SchemingMind.com"]
[Date "2017.11.23"]
[Round "-"]
[White "aliwood"]
[Black "Wojtek26"]
[Result "0-1"]
[WhiteCountry "ENG"]
[BlackCountry "POL"]
[WhiteElo "1301"]
[WhiteRD "55"]
[BlackElo "1506"]
[BlackRD "54"]
[GameID "420904"]

1. e4 e6 2. d4 d5 3. Nc3 c5 4. Nf3 Nc6 5. Bb5 Bd7 6. O-O a6 7. Ba4 b5 8. Bb3 c4 9. Ne5 Nxe5 10. dxe5 Ne7
11. Bg5 h6 12. Be3 cxb3 13. axb3 Nc6 14. exd5 exd5 15. Nxd5 Be6 16. c4 bxc4 17. bxc4 Bb4 18. Nxb4 Nxb4 19. Qxd8+ Rxd8 20. b3 O-O
21. Bc5 Rb8 22. Ra4 Nd3 23. Bxf8 Kxf8 24. Rxa6 Rxb3 25. Ra4 Nxe5 26. Ra8+ Ke7 27. Re1 Nd3 28. Ra7+ Kf6 29. Re3 Rb1+
0-1

[Event "Time for French"]
[Site "SchemingMind.com"]
[Date "2017.11.23"]
[Round "-"]
[White "Wojtek26"]
[Black "aliwood"]
[Result "0-1"]
[WhiteCountry "POL"]
[BlackCountry "ENG"]
[WhiteElo "1506"]
[WhiteRD "54"]
[BlackElo "1301"]
[BlackRD "55"]
[GameID "420905"]

1. e4 e6 2. Nf3 c5 3. Be2 d6 4. O-O Nf6 5. d3 Be7 6. Nbd2 O-O 7. b3 Nc6 8. Bb2 Nd4 9. Nxd4 cxd4 10. Bxd4 e5
11. Bb2 Bd7 12. a4 Qc8 13. Nf3 Bg4 14. h3 Bh5 15. g4 Bg6 16. Nh4 Nxg4 17. Bxg4 Qc6 18. Nxg6 fxg6 19. Be6+ Kh8 20. Bd5 Qb6
21. Qg4 Rac8 22. Qe6 Rxc2 23. Qxe7 Rcc8 24. a5 Qc7 25. Rac1 Qxe7 26. Ba3 Qf6 27. f4 exf4 28. Rb1 Rc2 29. Rf3 Qg5+
0-1

[Event "Time for French"]
[Site "SchemingMind.com"]
[Date "2017.11.18"]
[Round "-"]
[White "Stephen Woodhouse"]
[Black "Wojtek26"]
[Result "1-0"]
[WhiteCountry "ENG"]
[BlackCountry "POL"]
[WhiteElo "1883"]
[WhiteRD "61"]
[BlackElo "1501"]
[BlackRD "54"]
[GameID "420906"]

1. e4 e6 2. d4 d5 3. e5 c5 4. c3 f6 5. Nf3 Nc6 6. Bb5 f5 7. O-O Be7 8. Be3 Bd7 9. Qe2 a6 10. Bxc6 Bxc6
11. dxc5 g5 12. Nbd2 f4 13. Bd4 g4 14. Ne1 Nh6 15. Nd3 Bb5 16. a4 Bxd3 17. Qxd3 Nf5 18. b4 h5 19. b5 Rg8 20. Nb3 f3
21. c4 fxg2 22. Kxg2 Nh4+ 23. Kh1 Bg5 24. Qh7 Rf8 25. Qxh5+ Kd7 26. c6+ bxc6 27. Nc5+ Kc8 28. Nxe6 Qe7 29. Nxf8 Qxf8 30. Qxg4+ Kb7
31. f4 Be7 32. Qd7+
1-0

[Event "Time for French"]
[Site "SchemingMind.com"]
[Date "2017.11.18"]
[Round "-"]
[White "Wojtek26"]
[Black "Stephen Woodhouse"]
[Result "0-1"]
[WhiteCountry "POL"]
[BlackCountry "ENG"]
[WhiteElo "1501"]
[WhiteRD "54"]
[BlackElo "1883"]
[BlackRD "61"]
[GameID "420907"]

1. e4 e6 2. Nf3 d5 3. exd5 exd5 4. d4 Bd6 5. Bd3 Ne7 6. O-O O-O 7. Re1 Bf5 8. Bxf5 Nxf5 9. c3 Nd7 10. Nbd2 Re8
11. a3 Qf6 12. b4 Re6 13. Nb3 b6 14. Rxe6 Qxe6 15. Ng5 Qh6 16. Nh3 Qg6 17. Bf4 Re8 18. Bxd6 Qxd6 19. Qg4 Qe6 20. Nd2 Nf6
21. Qf3 Nd6 22. Ng5 Qe2 23. Qxe2 Rxe2 24. Ndf3 Nfe4 25. Nxe4 Nxe4 26. Re1 Rxe1+ 27. Nxe1 Nxc3 28. Nf3 f6 29. Nd2 Kf7 30. f3 Ne2+
31. Kf2 Nxd4 32. f4 Ke6 33. Ke3 Nc2+
0-1

[Event "Time for French"]
[Site "SchemingMind.com"]
[Date "2017.11.18"]
[Round "-"]
[White "Wojtek26"]
[Black "Thomas Jacob Kelly"]
[Result "0-1"]
[WhiteCountry "POL"]
[BlackCountry "USA"]
[WhiteElo "1501"]
[WhiteRD "54"]
[BlackElo "1778"]
[BlackRD "69"]
[GameID "420908"]

1. e4 e6 2. Nf3 c5 3. Be2 Nc6 4. O-O Bd6 5. c3 Nf6 6. d3 h6 7. Nbd2 b6 8. Nb3 Bb7 9. d4 Nxe4 10. dxc5 bxc5
11. Bd3 Ng5 12. Nxg5 hxg5 13. Qg4 f5 14. Bxf5 exf5 15. Re1+ Ne7 16. Qxf5 Bxh2+ 17. Kh1 Be5+
0-1

[Event "Time for French"]
[Site "SchemingMind.com"]
[Date "2017.11.19"]
[Round "-"]
[White "Thomas Jacob Kelly"]
[Black "Wojtek26"]
[Result "1-0"]
[WhiteCountry "USA"]
[BlackCountry "POL"]
[WhiteElo "1778"]
[WhiteRD "69"]
[BlackElo "1501"]
[BlackRD "54"]
[GameID "420909"]

1. e4 e6 2. d4 d5 3. e5 c5 4. c3 cxd4 5. cxd4 Bb4+ 6. Bd2 Nc6 7. Bb5 Bd7 8. Bxc6 Bxc6 9. Bxb4 a5 10. Bd6 f6
11. Qg4 Qd7 12. f4 fxe5 13. fxe5 Nh6 14. Qh5+ Nf7 15. Bc5 g6 16. Qh4 h6 17. Nh3 Bb5 18. Na3 Ba6 19. Kd2 Rb8 20. Rac1 b6
21. Bd6 Rc8 22. Rxc8+ Qxc8 23. Qe7#
1-0

[Event "Time for French"]
[Site "SchemingMind.com"]
[Date "2017.11.27"]
[Round "-"]
[White "aliwood"]
[Black "EndeavourMorse"]
[Result "0-1"]
[WhiteCountry "ENG"]
[BlackCountry "SCO"]
[WhiteElo "1279"]
[WhiteRD "64"]
[BlackElo "1468"]
[BlackRD "90"]
[GameID "421191"]

1. e4 e6 2. d4 d5 3. Nc3 Nf6 4. Bg5 Be7 5. e5 Nfd7 6. Bxe7 Qxe7 7. f4 O-O 8. Nf3 f6 9. Bd3 fxe5 10. dxe5 Rxf4
11. O-O Qc5+ 12. Kh1 Nc6 13. Ne2 Rf8 14. Ned4 Ndxe5 15. Nxe5 Nxe5 16. Rxf8+ Qxf8 17. Be2 c5 18. Nb5 Qd8 19. b3 a6 20. Nc3 Bd7
21. Qf1 Qh4 22. Rd1 Rf8 23. Qg1 Ng4 24. h3 Rf2 25. Rf1 Rxf1 26. Qxf1 Ne3 27. Qg1 Nxc2 28. Bf3 Ne1 29. Be2 Nc2 30. Nd1 Nd4
31. Bf1 Nf5 32. Qxc5 Ng3+ 33. Kg1 Nxf1 34. Kxf1 Bb5+ 35. Kg1 Qe1+
0-1

[Event "Time for French"]
[Site "SchemingMind.com"]
[Date "2017.11.27"]
[Round "-"]
[White "EndeavourMorse"]
[Black "aliwood"]
[Result "0-1"]
[WhiteCountry "SCO"]
[BlackCountry "ENG"]
[WhiteElo "1436"]
[WhiteRD "93"]
[BlackElo "1342"]
[BlackRD "64"]
[GameID "421192"]

1. e4 e6 2. d4 d5 3. e5 c5 4. c3 Nc6 5. Bb5 Bd7 6. Nf3 h6 7. Nbd2 c4 8. Ba4 Nge7 9. O-O Nf5 10. Bc2 Be7
11. Bxf5 exf5 12. b3 cxb3 13. axb3 O-O 14. c4 dxc4 15. bxc4 Nb4 16. Nb3 b6 17. d5 Qc8 18. Qd4 Nc2 19. Qb2 Nxa1 20. Nxa1 Qxc4
21. d6 Bg5 22. Nd2 Qc5 23. Ndb3 Qb5 24. f4 Bh4 25. Bd2 Rac8 26. Nc2 Rfd8 27. Na3 Qd3 28. Nc1 Rc5 29. Nxd3 Rd5 30. Nf2 Rc8
31. g3 Bd8 32. Be3 a5 33. Kg2 Bc6 34. Kg1 g6 35. Nc4 Rb5 36. Qa2 Bd5 37. Rc1 Rb4 38. Nd3 Bxc4 39. Rxc4 Rbxc4 40. Nb2 Rc2
41. Qb3 R2c3 42. Qa2 Rxe3 43. Nc4 Rc3 44. Nb2 Rc1+ 45. Kg2 R8c2+ 46. Kh3 Rh1 47. Qa4 Rhxh2#
0-1

[Event "Time for French"]
[Site "SchemingMind.com"]
[Date "2017.11.25"]
[Round "-"]
[White "Stephen Woodhouse"]
[Black "EndeavourMorse"]
[Result "1-0"]
[WhiteCountry "ENG"]
[BlackCountry "SCO"]
[WhiteElo "1840"]
[WhiteRD "61"]
[BlackElo "1507"]
[BlackRD "100"]
[GameID "421193"]

1. e4 e6 2. d4 d5 3. e5 Nc6 4. Be3 Nh6 5. Nf3 Be7 6. c3 Nf5 7. Bd3 O-O 8. O-O f6 9. exf6 Bxf6 10. Nbd2 Nh4
11. Nxh4 Bxh4 12. Nf3 Bd7 13. Nxh4 Qxh4 14. Qd2 e5 15. dxe5 Nxe5 16. Bg5 Qg4 17. Be2 Nf3+ 18. Bxf3 Rxf3 19. Qxd5+ Be6 20. Qxf3 Qxf3
21. gxf3 Rf8 22. Rfe1 Bh3 23. Rad1 Rxf3 24. Re3 Bg4 25. Rxf3 Bxf3 26. Rd8+ Kf7 27. Rd7+ Kg6 28. Be3 Bc6 29. Rxc7 a5 30. Bd4 Bd5
31. Rxg7+ Kh6 32. f4 b5 33. f5 Bxa2 34. f6 b4 35. cxb4 axb4 36. f7 Bxf7 37. Rxf7 Kg6 38. Rb7
1-0

[Event "Time for French"]
[Site "SchemingMind.com"]
[Date "2017.11.25"]
[Round "-"]
[White "EndeavourMorse"]
[Black "Stephen Woodhouse"]
[Result "0-1"]
[WhiteCountry "SCO"]
[BlackCountry "ENG"]
[WhiteElo "1507"]
[WhiteRD "100"]
[BlackElo "1840"]
[BlackRD "61"]
[GameID "421194"]

1. e4 e6 2. d4 d5 3. e5 c5 4. c3 Nc6 5. Nf3 Bd7 6. Na3 cxd4 7. cxd4 Rc8 8. Nc2 Nb4 9. Nxb4 Bxb4+ 10. Bd2 Qa5
11. Be2 Ba4 12. b3 Bb5 13. Bxb4 Qxb4+ 14. Kf1 Ne7 15. Rc1 O-O 16. Bxb5 Qxb5+ 17. Kg1 Rxc1 18. Qxc1 Rc8 19. Qd1 Qc6 20. Nd2 Qc1
21. Qxc1 Rxc1+ 22. Nf1 Nc6 23. g3 Nxd4 24. Kg2 Nc6 25. Ne3 Rxh1 26. Kxh1 Nxe5 27. Nc2 Kf8 28. Nd4 Ke7 29. a4 a6 30. Kg2 Kd6
31. f4 Nc6 32. Nc2 Kc5 33. Ne1 Nd4 34. Nf3 Nxf3 35. Kxf3 Kb4 36. Ke3 Kxb3 37. a5 Kb4 38. Kd4 Kxa5
0-1

[Event "Time for French"]
[Site "SchemingMind.com"]
[Date "2017.11.25"]
[Round "-"]
[White "Wojtek26"]
[Black "EndeavourMorse"]
[Result "0-1"]
[WhiteCountry "POL"]
[BlackCountry "SCO"]
[WhiteElo "1506"]
[WhiteRD "54"]
[BlackElo "1507"]
[BlackRD "100"]
[GameID "421195"]

1. e4 e6 2. Nf3 d5 3. exd5 exd5 4. d4 Nf6 5. Bd3 Bb4+ 6. Bd2 Qe7+ 7. Be2 Ne4 8. a3 Bxd2+ 9. Nbxd2 Bg4 10. h3 Bxf3
11. Bxf3 Nc3+
0-1

[Event "Time for French"]
[Site "SchemingMind.com"]
[Date "2017.11.25"]
[Round "-"]
[White "EndeavourMorse"]
[Black "Wojtek26"]
[Result "1/2-1/2"]
[WhiteCountry "SCO"]
[BlackCountry "POL"]
[WhiteElo "1458"]
[WhiteRD "86"]
[BlackElo "1457"]
[BlackRD "52"]
[GameID "421196"]

1. e4 e6 2. d4 d5 3. e5 c5 4. c3 cxd4 5. cxd4 Bb4+ 6. Bd2 Bxd2+ 7. Qxd2 Ne7 8. Bb5+ Bd7 9. Bxd7+ Nxd7 10. Nf3 O-O
11. O-O Qb6 12. Nc3 Rac8 13. Rac1 f6 14. Na4 Qd8 15. Nc5 Nxc5 16. Rxc5 Rxc5 17. dxc5 Ng6 18. b4 Qc7 19. exf6 Rxf6 20. Nd4 Qf4
21. Qe3 Qxe3 22. fxe3 Rxf1+ 23. Kxf1 Kf7 24. Ke2 a6 25. c6 bxc6 26. Nxc6 Ne7 27. Nd8+ Ke8 28. Nxe6 g6 29. Nc7+ Kd7 30. Nxa6 Nc8
31. a4 Kc6 32. Nb8+ Kb7 33. Nd7 Nd6 34. Nf6 Ne4 35. Nxd5 Kc6 36. Ne7+ Kd6 37. Nc8+ Kc7 38. Kd3 Nf2+ 39. Ke2 Ng4 40. Kf3 Ne5+
41. Kf4 Nd3+=
1/2-1/2

[Event "Time for French"]
[Site "SchemingMind.com"]
[Date "2017.11.25"]
[Round "-"]
[White "Thomas Jacob Kelly"]
[Black "EndeavourMorse"]
[Result "1-0"]
[WhiteCountry "USA"]
[BlackCountry "SCO"]
[WhiteElo "1801"]
[WhiteRD "69"]
[BlackElo "1507"]
[BlackRD "100"]
[GameID "421197"]

1. e4 e6 2. d4 d5 3. Nd2 Nf6 4. e5 Nfd7 5. Bd3 c5 6. c3 cxd4 7. cxd4 Nc6 8. Ne2 Be7 9. O-O O-O 10. Nf3 f6
11. exf6 Nxf6 12. Ne5 Qc7 13. Bf4 Bd6 14. Nxc6 Qxc6 15. Rc1 Qd7 16. Be5 Bxe5 17. dxe5 Nh5 18. Ng3 Nf4 19. Bb1 Qf7 20. Qg4 h5
21. Qh4 b5 22. Rc3 b4 23. Rf3 Ba6 24. Re1 Ng6 25. Qxh5 Nf4 26. Qh7#
1-0

[Event "Time for French"]
[Site "SchemingMind.com"]
[Date "2017.11.25"]
[Round "-"]
[White "EndeavourMorse"]
[Black "Thomas Jacob Kelly"]
[Result "0-1"]
[WhiteCountry "SCO"]
[BlackCountry "USA"]
[WhiteElo "1507"]
[WhiteRD "100"]
[BlackElo "1801"]
[BlackRD "69"]
[GameID "421198"]

1. e4 e6 2. d4 d5 3. e5 c5 4. c3 Nc6 5. Nf3 Qb6 6. Na3 Bd7 7. Nc2 Nge7 8. Be2 Nf5 9. g4 Nfe7 10. O-O h6
11. Kh1 O-O-O 12. dxc5 Qxc5 13. Be3 Qa5 14. Nfd4 Nxe5 15. b4 Qc7 16. Bf4 N7g6 17. Bxe5 Nxe5 18. Qd2 Be7 19. f4 Nc6 20. Nb5 Qb8
21. Ncd4 g5 22. fxg5 hxg5 23. Bd3 e5 24. Nxc6 Bxc6 25. Rxf7 d4+ 26. Kg1 e4 27. Bc4 e3 28. Be6+ Rd7 29. Bxd7+ Bxd7 30. Qg2 Bc6
31. Qe2 Qg3+ 32. hxg3 Rh1#
0-1

[Event "Time for French"]
[Site "SchemingMind.com"]
[Date "2017.11.26"]
[Round "-"]
[White "aliwood"]
[Black "Johnny Owens"]
[Result "0-1"]
[WhiteCountry "ENG"]
[BlackCountry "USA"]
[WhiteElo "1342"]
[WhiteRD "64"]
[BlackElo "1858"]
[BlackRD "82"]
[GameID "421338"]

1. e4 e6 2. d4 d5 3. Nc3 dxe4 4. Nxe4 Nd7 5. Nf3 Ngf6 6. Nxf6+ Nxf6 7. Bd3 c5 8. dxc5 Bxc5 9. O-O O-O 10. Bd2 b6
11. Bc3 Bb7 12. Be2 Qe7 13. a3 Rfd8 14. Qe1 Ne4 15. Be5 f6 16. Bf4 e5 17. Bc1 Rac8 18. b4 Bd6 19. Bd3 Nc3 20. Bb2 Na4
21. Bc1 e4 22. Bxe4 Bxe4 23. Nd4 Qe5 24. Be3 Qxh2#
0-1

[Event "Time for French"]
[Site "SchemingMind.com"]
[Date "2017.11.26"]
[Round "-"]
[White "Johnny Owens"]
[Black "aliwood"]
[Result "1-0"]
[WhiteCountry "USA"]
[BlackCountry "ENG"]
[WhiteElo "1858"]
[WhiteRD "82"]
[BlackElo "1342"]
[BlackRD "64"]
[GameID "421339"]

1. e4 e6 2. d4 d5 3. e5 c5 4. c3 Nc6 5. Nf3 Bd7 6. Be2 Nge7 7. O-O Nf5 8. dxc5 Bxc5 9. Bd3 O-O 10. b4 Bb6
11. Re1 Nce7 12. a4 Qc8 13. a5 Bc7 14. Na3 Ng6 15. Nc2 b6 16. h4 Qb8 17. axb6 Bxb6 18. Bxf5 exf5 19. h5 Ne7 20. h6 gxh6
21. c4 Be6 22. c5 Bc7 23. Qd2 a5 24. Qxh6 Ng6 25. Ng5 Ra6 26. Qxh7#
1-0

[Event "Time for French"]
[Site "SchemingMind.com"]
[Date "2017.11.26"]
[Round "-"]
[White "Stephen Woodhouse"]
[Black "Johnny Owens"]
[Result "0-1"]
[WhiteCountry "ENG"]
[BlackCountry "USA"]
[WhiteElo "1821"]
[WhiteRD "63"]
[BlackElo "1885"]
[BlackRD "70"]
[GameID "421340"]

1. e4 e6 2. d4 d5 3. e5 c5 4. c3 Nc6 5. Be3 Qb6 6. Qd2 f6 7. f4 fxe5 8. fxe5 Bd7 9. Nf3 Nh6 10. Bxh6 gxh6
11. Be2 O-O-O 12. a3 cxd4 13. cxd4 Rg8 14. O-O Rg4 15. Rd1 Nxd4 16. Nxd4 Rxd4 17. Qxd4 Qxd4+ 18. Rxd4 Bc5
0-1

[Event "Time for French"]
[Site "SchemingMind.com"]
[Date "2017.11.26"]
[Round "-"]
[White "Johnny Owens"]
[Black "Stephen Woodhouse"]
[Result "1-0"]
[WhiteCountry "USA"]
[BlackCountry "ENG"]
[WhiteElo "1885"]
[WhiteRD "70"]
[BlackElo "1821"]
[BlackRD "63"]
[GameID "421341"]

1. e4 e6 2. d4 d5 3. e5 c5 4. c3 Nc6 5. Nf3 Bd7 6. Be2 Nge7 7. O-O Ng6 8. g3 Be7 9. h4 Qb6 10. h5 Nf8
11. dxc5 Bxc5 12. b4 Be7 13. b5 Na5 14. Be3 Bc5 15. Bxc5 Qxc5 16. Qa4 b6 17. Nbd2 Rc8 18. Rfc1 Rc7 19. Nb3 Nxb3 20. axb3 h6
21. Qf4 Nh7 22. c4 Rc8 23. Rxa7 Ke7 24. Nd4 Ng5 25. Kh2 f6 26. cxd5 Qxd5 27. Nc6+ Ke8 28. Qb4 Rxc6 29. bxc6 Nf3+ 30. Bxf3 Qxf3
31. cxd7+
1-0

[Event "Time for French"]
[Site "SchemingMind.com"]
[Date "2017.12.01"]
[Round "-"]
[White "Wojtek26"]
[Black "Johnny Owens"]
[Result "0-1"]
[WhiteCountry "POL"]
[BlackCountry "USA"]
[WhiteElo "1457"]
[WhiteRD "52"]
[BlackElo "1885"]
[BlackRD "70"]
[GameID "421342"]

1. e4 e6 2. d4 d5 3. e5 c5 4. c3 Nc6 5. Nf3 Bd7 6. Be2 f6 7. O-O fxe5 8. Nxe5 Nxe5 9. dxe5 Qc7 10. Bh5+ g6
11. Bg5 Qxe5 12. f4 Qg7 13. Bg4 h6 14. Bh4 Nf6 15. Bh3 g5 16. fxg5 hxg5 17. Bxe6 Bxe6 18. Bg3 Ne4 19. Be1 Bd6 20. Na3 Bxh2+
0-1

[Event "Time for French"]
[Site "SchemingMind.com"]
[Date "2017.11.27"]
[Round "-"]
[White "Johnny Owens"]
[Black "Wojtek26"]
[Result "1-0"]
[WhiteCountry "USA"]
[BlackCountry "POL"]
[WhiteElo "1885"]
[WhiteRD "70"]
[BlackElo "1457"]
[BlackRD "52"]
[GameID "421343"]

1. e4 e6 2. d4 d5 3. e5 c5 4. c3 c4 5. b3 Nc6 6. bxc4 dxc4 7. Bxc4 Nge7 8. Nf3 g6 9. Nbd2 Bg7 10. h4 O-O
11. h5 Na5 12. Bd3 Nd5 13. Qc2 Nf4 14. Ne4 Nxd3+ 15. Qxd3 b6 16. hxg6 fxg6 17. Rxh7 Bb7 18. Nfg5 Qe7 19. Qh3 Bxe4 20. Nxe4 Kf7
21. Bg5 Qd7 22. Bf6 Rg8 23. Bxg7 Rxg7 24. Qf3+
1-0

[Event "Time for French"]
[Site "SchemingMind.com"]
[Date "2017.11.26"]
[Round "-"]
[White "Thomas Jacob Kelly"]
[Black "Johnny Owens"]
[Result "0-1"]
[WhiteCountry "USA"]
[BlackCountry "USA"]
[WhiteElo "1768"]
[WhiteRD "67"]
[BlackElo "1885"]
[BlackRD "70"]
[GameID "421344"]

1. e4 e6 2. d4 d5 3. Nc3 dxe4 4. Nxe4 Nd7 5. Nf3 Ngf6 6. Ng3 c5 7. c3 cxd4 8. Nxd4 Bc5 9. Be3 O-O 10. Bc4 Ne5
11. Nxe6 Bxe6 12. Bxc5 Bxc4 13. Bxf8 Nd3+
0-1

[Event "Time for French"]
[Site "SchemingMind.com"]
[Date "2017.11.26"]
[Round "-"]
[White "Johnny Owens"]
[Black "Thomas Jacob Kelly"]
[Result "1-0"]
[WhiteCountry "USA"]
[BlackCountry "USA"]
[WhiteElo "1885"]
[WhiteRD "70"]
[BlackElo "1768"]
[BlackRD "67"]
[GameID "421345"]

1. e4 e6 2. d4 d5 3. e5 c5 4. c3 Qb6 5. Nf3 Bd7 6. a3 Nc6 7. b4 Rc8 8. bxc5 Qc7 9. a4 b6 10. cxb6 Qxb6
11. Bd3 f6 12. O-O Be7 13. Na3 a6 14. Rb1 Qa7 15. Qe2 Nb8 16. c4 dxc4 17. Nxc4 Kf7 18. Be3 Nh6 19. d5 Rc5 20. exf6 Bxf6
21. Nfe5+ Bxe5 22. Nxe5+ Ke7 23. d6+ Kf6 24. Qh5 Rxe5 25. Qh4+ Kf7 26. Qe7+ Kg8 27. Bxa7 Nc6 28. Qxd7 Kf8 29. Rb8+ Nxb8 30. Qe7+ Kg8
31. Qe8#
1-0

[Event "Time for French"]
[Site "SchemingMind.com"]
[Date "2017.11.26"]
[Round "-"]
[White "Johnny Owens"]
[Black "EndeavourMorse"]
[Result "1-0"]
[WhiteCountry "USA"]
[BlackCountry "SCO"]
[WhiteElo "1885"]
[WhiteRD "70"]
[BlackElo "1458"]
[BlackRD "86"]
[GameID "421346"]

1. e4 e6 2. d4 d5 3. e5 Nh6 4. Bxh6 gxh6 5. Nf3 Bg7 6. c3 O-O 7. Bd3 Nc6 8. O-O f6 9. Re1 f5 10. c4 Ne7
11. Nc3 c6 12. Rc1 Ng6 13. cxd5 cxd5 14. Nb5 Qb6 15. Re3 Nf4 16. Bf1 Qd8 17. Nd6 h5 18. Rec3 Qd7 19. Bb5 Qe7 20. Rc7 Qd8
21. Rxc8 Rxc8 22. Rxc8 Qe7 23. Qc2 h4 24. g3 hxg3 25. hxg3 Nh3+ 26. Kg2 Ng5 27. Rxf8+ Bxf8 28. Nxg5 Qxg5 29. Bd7 Bxd6 30. Bxe6+ Kg7
31. exd6 f4 32. Qc7+ Kh6 33. d7 fxg3 34. d8=Q
1-0

[Event "Time for French"]
[Site "SchemingMind.com"]
[Date "2017.11.26"]
[Round "-"]
[White "EndeavourMorse"]
[Black "Johnny Owens"]
[Result "0-1"]
[WhiteCountry "SCO"]
[BlackCountry "USA"]
[WhiteElo "1458"]
[WhiteRD "86"]
[BlackElo "1885"]
[BlackRD "70"]
[GameID "421347"]

1. e4 e6 2. d4 d5 3. e5 c5 4. c3 Nc6 5. Nf3 Bd7 6. Na3 cxd4 7. cxd4 f6 8. Bb5 Bxa3 9. bxa3 Qa5+ 10. Qd2 Qxb5
11. Bb2 fxe5 12. Nxe5 Nxe5 13. dxe5 Rc8 14. Rc1 Rxc1+ 15. Qxc1 Ne7 16. f4 O-O 17. Kf2 Qb6+ 18. Kf3 Bc6 19. Kg3 Nf5+ 20. Kh3 Qf2
21. g3 d4 22. Rf1 Qg2+ 23. Kg4 Nh6+ 24. Kg5 Rf5+
0-1

[Event "Time for French"]
[Site "SchemingMind.com"]
[Date "2017.11.30"]
[Round "-"]
[White "aliwood"]
[Black "Iucounu"]
[Result "0-1"]
[WhiteCountry "ENG"]
[BlackCountry "ENG"]
[WhiteElo "1266"]
[WhiteRD "59"]
[BlackElo "1595"]
[BlackRD "65"]
[GameID "421396"]

1. e4 e6 2. d4 d5 3. Nc3 Bb4 4. e5 c5 5. a3 Bxc3+ 6. bxc3 Ne7 7. Qg4 O-O 8. Bd3 Nbc6 9. Qh5 Ng6 10. Nf3 Qc7
11. Ng5 h6 12. Nxf7 Qxf7 13. O-O Nh8 14. Qh4 c4 15. Be2 Ng6 16. Qg3 Nf4 17. Bxf4 Qxf4 18. Qxf4 Rxf4 19. g3 Rf8 20. f4 b6
21. Kg2 Bb7 22. Rab1 Ne7 23. Rf2 Nf5 24. Rf3 Bc6 25. Rb2 b5 26. g4 Nh4+
0-1